000 00528nam a2200169Ia 4500
008 100917s9999 xx 000 0 und d
082 _b14799
100 _aभिडे भि. गो.
245 _aरत्नकंकण कृपण कन्या
260 _b---
_c1916
365 _b0
520 _aकादंबरी
630 _aरत्नकंकण कृपण कन्या
650 _aकादंबरी
730 _aरत्नकंकण कृपण कन्या
942 _cBOOK
999 _c620193
_d620190